000 00992nam a2200301Ia 4500
001 Para_690
003 CHAP
008 220125s1992 xx 000 0 und d
010 _a198840
040 _cCHAP
090 _aPA TESIS 697
100 _aGonzález López, Jesús
_949110
245 _aPudrición blanda bacteriana de rabano (Raphanus sativus L.) en el municipio de Tepic, Nayarit /
_c por Jesús González López
260 _aChapingo, Méx. :
_b el autor
300 _a46 h.
502 _aTesis (Ing. Agr. Esp. en Parasitología Agrícola) -- UACh. Departamento Parasitología Agrícola
650 _aErwinia carotovora
_937359
650 _aPseudomonas
_992568
650 _aRabanos
_x enfermedades
_997852
710 _aUACh. Departamento Parasitología Agrícola
_9164025
901 _aPA TESIS 697
902 _aA
905 _a0000001992 0000000000 00
910 _a1992
942 _cPARA
942 _cPARA
_d1
999 _c198840
_d198840